Statistics for Warmest Countries by Continent

Click here to take the quiz!

General Stats

  • This quiz has been taken 474 times
  • The average score is 16 of 30

Answer Stats

HintDegrees CelsiusAnswer% Correct
South America24.95Brazil
83%
South America24.50Colombia
76%
Europe15.40Greece
76%
South America25.35Venezuela
73%
South America25.70Suriname
69%
South America26Guyana
68%
Europe19.20Malta
65%
Europe15.15Portugal
62%
Africa28.25Mali
57%
Asia27.15Qatar
57%
Asia27United Arab Emirates
57%
Australia28Tuvalu
53%
Australia27.60Palau
51%
Australia26.70Samoa
50%
Asia27.15Bahrain
49%
North America25.75Trinidad and Tobago
49%
Australia28.20Kiribati
48%
North America26Barbados
47%
Australia27.40Marshall Islands
46%
Africa27.65Mauritania
46%
North America26.80St Vincent and the Grenadines
46%
North America26Antigua and Barbuda
43%
North America26.65Grenada
43%
Europe13.55Monaco
43%
Africa28.25Burkina Faso
38%
Africa27.85Senegal
37%
Asia26.95Sri Lanka
37%
Europe15.20Vatican City
37%
Asia27.65Maldives
34%
Africa28Djibouti
22%

Score Distribution

Percentile by Number Answered

Percent of People with Each Score

Your Score History

You have not taken this quiz